| 000 | 00703nam a22001697a 4500 | ||
|---|---|---|---|
| 999 |
_c64136 _d64136 |
||
| 003 | Ge_BSU | ||
| 005 | 20260415120816.0 | ||
| 008 | 260415s1971 ge ||||| |||| 00| 0 geo d | ||
| 041 | _ageo | ||
| 080 | _a338(479.22) ჯ-27 | ||
| 100 |
_aჯაფარიძე, ერმილე _927316 |
||
| 245 |
_aსაქართველოს ეკონომიკა მერვე ხუთწლედში / _cერმილე ჯაფარიძე. |
||
| 264 |
_aთბილისი : _bსაბჭ. საქართველო, _c1971. |
||
| 300 |
_a43 გვ. ; _b19 სმю |
||
| 653 | _aსაქართველოს ეკონომიკა | ||
| 942 |
_2udc _cᲬᲘᲒᲜᲘ |
||